Statistiques concernant Les 50 plus grands stades en France

Cliquez ici pour prendre le quiz!

Statistiques générales

  • Ce quiz a été pris 433 fois
  • Le résultat moyen est 23 sur 50

Statistiques - réponses

CommuneStadeCapacité% Correct
MarseilleStade Vélodrome67.394
99%
Saint-DenisStade de France80.698
98%
ParisParc des Princes48.583
96%
ToulouseStadium de Toulouse33.150
87%
Décines-CharpieuParc Olympique Lyonnais59.186
84%
NantesStade de la Beaujoire35.322
83%
Saint-ÉtienneStade Geoffroy-Guichard41.965
83%
NiceAllianz Riviera36.178
76%
LensStade Bollaert-Delelis38.058
76%
LyonStade de Gerland35.029
76%
BordeauxMatmut-Atlantique42.115
75%
Villeneuve-d'AscqStade Pierre-Mauroy50.157
75%
StrasbourgStade de la Meinau26.280
69%
RennesRoazhon Park29.778
68%
MontpellierStade de la Mosson22.000
66%
BordeauxStade Chaban-Delmas33.290
60%
GuingampStade du Roudourou19.060
56%
Longeville-lès-MetzStade Saint-Symphorien30.000
53%
GrenobleStade des Alpes20.068
52%
AngersStade Raymond-Kopa17.048
52%
TroyesStade de l'Aube20.300
51%
Le HavreStade Océane25.181
49%
ParisStade Charléty20.000
48%
AuxerreStade de l'Abbé-Deschamps18.541
46%
NîmesStade des Costières15.788
46%
LorientStade du Moustoir18.970
46%
ReimsStade Auguste-Delaune21.029
45%
NanterreParis La Défense Arena32.000
38%
CaenStade Michel-d'Ornano20.200
37%
ParisStade Jean-Bouin20.000
36%
ValenciennesStade du Hainaut24.926
34%
Le MansMMArena25.064
32%
ToulonStade Mayol18.200
27%
ToulouseStade Ernest-Wallon19.000
25%
MontbéliardStade Auguste-Bonal20.005
24%
Clermont-FerrandStade Marcel-Michelin19.022
23%
FurianiStade Armand-Cesari16.048
21%
BéziersStade de la Méditerranée18.555
17%
PauStade du Hameau18.324
16%
TomblaineStade Marcel-Picot20.087
16%
La RochelleStade Marcel-Deflandre16.000
15%
LavalStade Francis-le-Basser18.607
14%
BayonneStade Jean-Dauger16.934
14%
SedanStade Louis-Dugauguez23.189
12%
AvignonParc des Sports17.129
10%
ChâteaurouxStade Gaston-Petit17.072
10%
Fos-sur-MerStade Parsemain17.170
10%
Le HavreStade Jules-Deschaseaux16.382
9%
Villeneuve-d'AscqStadium Lille Métropole18.500
5%
Fort-de-FranceStade Pierre-Aliker18.000
2%

Distribution des résultats

Percentile par nombre de réponses

% des personnes avec chaque résultat

Votre développement - résultats

Vous n’avez pas pris ce quiz